The history of England

Bibliographic Details
Main Author: Ridley, Jasper
Format: Book
Published: London : Dorset Press , 1990
Subjects:

MARC

LEADER 00000cam a2200000 7i4500
001 0000000155
002 000000214
005 20081017.0
020 |a 0880295570 
090 0 0 |a 942   |b RID 
100 1 |a Ridley, Jasper 
245 1 4 |a The history of England   |c Jasper Ridley 
260 |a London :   |b Dorset Press ,   |c 1990 
300 |a 331p. ;   |c 22cm. 
651 0 |a England   |x Civilization 
651 0 |a England   |x History 
651 0 |a Great Britain   |x History 
999 |a 027482   |b BUKU   |c PINJAMAN   |e PERPUSTAKAAN KOMUNITI PETALING JAYA